[Event "World Women-ch k.o."]
[Site "Antakya"]
[Date "2010.12.10"]
[Round "3.1"]
[White "Muzychuk, Anna"]
[Black "Ju, Wenjun"]
[Result "0-1"]
[WhiteElo "2530"]
[BlackElo "2524"]
[Annotator "Mikhalchishin,A"]
[PlyCount "116"]
[EventDate "2010.12.04"]
[EventType "k.o."]
[EventRounds "6"]
[EventCountry "TUR"]
[SourceTitle "CBM 140"]
[Source "ChessBase"]
[SourceDate "2011.01.18"]
[SourceVersion "1"]
[SourceVersionDate "2011.01.18"]
[SourceQuality "1"]

1. e4 c5 2. Nf3 d6 3. d4 cxd4 4. Nxd4 Nf6 5. Nc3 a6 6. Be2 {This is new
variation for Muzychuk,specially prepared for the World Championship.But, as
the game shows, it is an extremely dangerous thing -to play not very well
prepared variations in such important competitions.} e5 7. Nb3 Be7 8. O-O O-O
9. Kh1 ({There are two much more aggressive continuations} 9. f4 {and}) (9. Qd3
) 9... b6 ({Black avoids directly playing} 9... b5 {as in this case White was
ready with the counter-strike} 10. a4 b4 ({The more modern approach promises
better counterplay} 10... Bb7 11. Nd5 Nbd7 12. Nxe7+ Qxe7 13. f3 d5 14. exd5
Bxd5 15. axb5 axb5 16. Rxa8 Bxa8 17. Bxb5 e4 18. fxe4 Rb8 19. Bd3 Nxe4 20. Bf4
Rd8 21. Qe1 Re8 22. Nd2 Ndf6 23. Nxe4 Nxe4 24. Bb5 Rd8 25. Bd3 Re8 26. Bb5 Rd8
27. Bd3 {1/2 Stellwagen,D -Bu Xiangzhi ,Wijk aan Zee NED 2007}) 11. Nd5 {
with some unpleasant moments for Black.} Bb7 12. Nxe7+ Qxe7 13. f3 d5 14. exd5
Bxd5 15. Bg5 Rd8 16. Qe1 Nc6 17. Qf2 h6 18. Be3 Bxb3 19. cxb3 Nd4 20. Bc4 Nd5
21. Rae1 Nxe3 22. Rxe3 Rd6 23. Re4 Nc6 24. f4 Rd4 25. Qe1 Ra7 26. h3 Qc5 27.
Qe3 Qd6 28. fxe5 Rxe4 29. Qxa7 {1-0 Jakovenko,D -Najer,E ,Krasnoyarsk RUS 2003}
) ({Another development of the night is very popular, but the most recent
example is not encouraging for Black} 9... Nc6 10. f3 b5 11. Be3 Na5 12. Nxa5
Qxa5 13. Qd2 Kh8 14. b4 $5 Qa3 15. Rfb1 Be6 16. Qe1 Rfc8 17. Bd2 Bd8 18. Bd3 (
18. Rb3 Bxb3 19. axb3 Qxb4 20. Nxb5 Qc5 21. Bb4 Qxc2 22. Nxd6 {with some
initiative.}) 18... Rc6 19. Rb3 Bxb3 20. axb3 Qxb4 21. Nxb5 {1-0 Azarov,
S-Wojtaszek,R, CZE 2010}) ({Garry Kasparov performed a very slow regrouping of
the pieces:} 9... Bd7 10. Be3 Bc6 11. Bf3 Nbd7 12. a4 b6 13. Qd3 Bb7 14. h3 Rc8
15. Rad1 h6 16. Rfe1 Qc7 17. g3 Rfd8 18. Kh2 Re8 19. Re2 Qc4 20. Qxc4 Rxc4 21.
Nd2 Rc7 22. Bg2 Rec8 23. Nb3 Rxc3 24. bxc3 Bxe4 25. Bc1 Bxg2 26. Kxg2 Rxc3 27.
Ba3 Ne8 28. f4 {1/2 DEEP JUNIOR-Kasparov,G ,New York USA 2003}) 10. Be3 (10.
Nd5 Nxd5 11. Qxd5 Qc7 12. Be3 Bb7 13. Qd3 Nd7 14. f3 Rac8 15. c3 Rfd8 16. a4 h6
17. Rfd1 Qb8 18. Qd2 Qa8 19. Nc1 Rf8 20. Qc2 Nf6 21. Bxb6 d5 22. exd5 Nxd5 23.
Bg1 e4 24. Qxe4 Nxc3 25. Qxe7 Rfe8 26. Qxe8+ Rxe8 27. bxc3 {1-0 Diamant,A
-Yilmaz,M ,Puerto Madryn ARG 2009}) 10... Bb7 11. f3 b5 ({Direct counterplay
in the centre does not work because of nice deflecting tactics} 11... d5 12.
exd5 Nxd5 13. Nxd5 Bxd5 14. Bxb6) 12. a4 ({A more direct central strategy is
possible:} 12. Qd2 Nbd7 13. Nd5 Nxd5 14. exd5 Rc8 15. a4 Nf6 16. axb5 axb5 17.
Na5 Bxd5 18. Bxb5 Qc7 19. c4 Ba8 20. Rac1 e4 21. f4 Ng4 22. b4 Nxe3 23. Qxe3
Rfd8 24. Nb3 Bf6 25. Rfd1 {with very unbalanced position, Smeets,J -Zhigalko,A
,Peniscola ESP 2002}) 12... b4 13. Nd5 Nxd5 14. exd5 Nd7 15. c3 bxc3 16. bxc3
Bg5 17. Bf2 {Of course, it is in Black's interest to exchange bishops.} Qc7 (
17... h5 18. c4 Re8 19. Rb1 h4 20. Nd2 Bc8 21. Ne4 Be7 22. c5 Nxc5 23. Bxc5
dxc5 24. d6 Bf8 25. Bc4 Be6 26. Bd5 Ra7 27. Rf2 c4 28. Bc6 Bd7 29. Bd5 Be6 {
with an equal position, Ye Jiangchuan -Ghaem Maghami,E ,Jodhpur 2003}) 18. c4
a5 {It is useful not to allow a4-a5, despite the weakening of b5 square.} (
18... Rab8 19. Bd3 f5 20. Qc2 g6 21. Rfd1 Kh8 22. Bf1 Ba8 23. c5 $1 dxc5 24.
Nxc5 Rbc8 25. Bxa6 Nxc5 26. Bxc8 Rxc8 27. d6 Qc6 28. Qxc5 Qxc5 29. Bxc5 Bc6 30.
d7 Rd8 31. a5 {1-0 Jakovenko,D -Gelfand,B ,Moscow 2009}) 19. Nd2 Bxd2 {A
slightly strange decision, but this knight planned to transfer via b1-c3-b5.
So, there is real logic behind this exchange.} ({It was possible to start
direct play on the kingside} 19... f5 20. Nb1 $1 Nc5 21. Nc3 Rfc8 22. Qc2 Qd7
23. Rab1 Ba6 24. g4 fxg4 25. Bxc5 gxf3 26. Rxf3 dxc5 27. Rg1 Bf4 28. Bd3 {
White keeps the initiative, Nijboer,F -Schut,L ,Maastricht 2010}) 20. Qxd2 Ba6
21. Rab1 Rab8 22. Qc3 ({Maybe it was better to attack the a5-pawn immediately} 
22. Rfd1 Nc5 23. Be1) 22... f5 23. Rfc1 Nc5 24. Be1 ({It was possible to avoid
the multiple exchanges which are now forced:} 24. Qa3) 24... Rfc8 25. Rxb8 ({
It was still possible simply to improve the positions of her own pieces:} 25.
Qc2 g6 26. Bc3) 25... Rxb8 26. Qxa5 Qb7 ({Black had very good compensation for
the pawn after the exchange of queens:} 26... Qxa5 27. Bxa5 Rb2 28. Re1 Kf7 29.
Bc7 Ke7 30. a5 Na4) 27. Qc3 $6 {It was better to keep the queen on a5, from
where it makes some serious threats.} (27. Rd1 Qb2 28. Bd2 e4 29. Rg1 $5 e3 $2
30. Bxe3 Qxe2 31. Bxc5 Bxc4 32. Bxd6) 27... Qb2 $1 {After the exchange of
queens, the positions of Black's pieces clearly compensate for White's extra
pawn.Of course, it is much easier to play such positions with Black - but
White is not worse at the moment.} 28. Bf1 Nxa4 29. Qxb2 Rxb2 30. Kg1 Nc5 31.
Ra1 $6 ({Technically better would be} 31. Bc3 Rb3 32. Be1 Kf7 33. Ra1) 31...
Rc2 {Now Black starts a direct attack - the target is the c4-pawn.} 32. Bf2
Bxc4 33. Bxc5 dxc5 34. d6 ({It was possible to play more simply and better} 34.
Re1 Bxd5 35. Rxe5 Bf7 36. Rxf5 g6 37. Re5 c4 38. Be2 c3 39. Kf2) 34... Kf7 35.
Rd1 Ke8 36. Bxc4 Rxc4 37. Rd5 Kd7 ({A more technically correct way was to
include few important checks} 37... Rc1+ 38. Kf2 Rc2+ 39. Kf1 {keeping white
king cut off.}) 38. Rxe5 Kxd6 39. Rxf5 Rc1+ 40. Kf2 c4 (40... Rc2+ {was still
preferable, as the more technical decision.}) 41. Rf8 {It was not really
dangerous if White started attacking Black's pawns} (41. Rg5 Rc2+ (41... Rd1
42. Ke2 Rd5 43. Rxg7 c3 44. Rg8 Kc5 45. Rg7 $1) 42. Ke3) 41... Rc2+ 42. Kg3 Re2
43. Rc8 Kd5 44. Rc7 g6 45. Rxh7 ({Ther was not enough time to start bringing
the king closer to pawn on c4} 45. f4 Rb2 46. Kf3 h5 47. Rd7+ Kc5 48. Rc7+ Kb4
49. h3 h4 50. g4 hxg3 51. Kxg3 c3) 45... c3 46. Rc7 c2 47. Kf4 g5+ $1 48. Kxg5
$2 ({Strange, but a much better try would be} 48. Kg3 Kd4 (48... Rd2 49. Rc8
$11 (49. h4 $2 gxh4+ 50. Kxh4 Rd4+ 51. Kg5 Rc4)) (48... Kd6 49. Rc3 Ke5) 49. h4
gxh4+ 50. Kxh4 Rxg2 51. f4 Ke4 52. Kh3 Re2 53. Kg4 $11 Kd3 54. Rd7+ Kc3 55.
Rc7+ Kd2 56. f5 c1=Q 57. Rxc1 Kxc1 58. f6 Rf2 59. Kg5 Kd2 60. Kg6 Kd3 61. f7 {
and the black king can't prevent the promotion of the white pawn.}) 48... Kd6
49. Rc3 Re5+ 50. Kf6 Rc5 51. Rxc2 Rxc2 52. g4 Rxh2 53. g5 (53. f4 {does not
help:} Rh6+ 54. Kg5 Rh8 55. Kg6 Rg8+ 56. Kh5 Ke7) 53... Rf2 54. g6 Rxf3+ 55.
Kg7 Ke7 56. Kg8 Kf6 57. g7 Rg3 58. Kh8 Kf7 0-1

[Event "Olympiad-23"]
[Site "Buenos Aires"]
[Date "1978.11.06"]
[Round "11"]
[White "Sigurjonsson, Gudmundur"]
[Black "Portisch, Lajos"]
[Result "0-1"]
[WhiteElo "2500"]
[BlackElo "2630"]
[Annotator "Minic/Sindik"]
[PlyCount "64"]
[EventDate "1978.10.25"]
[EventType "team-swiss"]
[EventRounds "14"]
[EventCountry "ARG"]
[SourceTitle "EXT 2000"]
[Source "ChessBase"]
[SourceDate "1999.11.16"]
[SourceVersion "1"]
[SourceVersionDate "1999.11.16"]
[SourceQuality "1"]
[WhiteTeam "Iceland"]
[BlackTeam "Hungary"]
[WhiteTeamCountry "ISL"]
[BlackTeamCountry "HUN"]

{Inf.27/469} 1. e4 c5 2. Nf3 d6 3. d4 cxd4 4. Nxd4 Nf6 5. Nc3 a6 6. Be2 e5 7.
Nb3 Be7 8. O-O Be6 9. f4 Qc7 10. a4 Nbd7 11. Be3 O-O 12. f5 (12. Kh1 $5) 12...
Bc4 13. a5 Rfc8 (13... b5 14. axb6 Nxb6 15. Kh1 Rfc8 16. Bxb6 Qxb6 17. Bxc4
Rxc4 18. Qe2 Rac8 19. Ra2 $1 $14) 14. Kh1 $6 (14. Bxc4 Qxc4 15. Ra4 Qc7 16. Qe2
$14) 14... Bxe2 15. Qxe2 d5 $1 16. exd5 Bb4 17. Bd2 (17. Na2 Nxd5 18. Nxb4 Nxb4
19. c3 Nd5 $15) 17... Bxc3 18. Bxc3 Nxd5 $15 19. Rf3 Re8 $1 20. Ra4 N7f6 21.
Nd2 $2 (21. Rc4 $5 Qe7 $15) 21... Qd7 22. Rh4 (22. Rc4 Qb5 $1 $17 {><a5}) 22...
Nxc3 23. bxc3 e4 24. Rf1 Qc6 25. h3 e3 26. Nc4 Re7 27. Rf3 Rae8 28. Rd4 Nd5 29.
f6 Re4 $1 $19 (29... Nxf6 30. Nd6 {/\ Nf5~~}) 30. Rg3 (30. Rxe4 Rxe4 31. Nxe3
$2 Qe6 $19) 30... g6 31. Rg4 Rxg4 32. hxg4 Nxc3 0-1

[Event "Olympiad-23"]
[Site "Buenos Aires"]
[Date "1978.10.31"]
[Round "6"]
[White "Mestel, A Jonathan"]
[Black "Tarjan, James Edward"]
[Result "0-1"]
[WhiteElo "2450"]
[BlackElo "2510"]
[Annotator "Minic/Sindik"]
[PlyCount "82"]
[EventDate "1978.10.25"]
[EventType "team-swiss"]
[EventRounds "14"]
[EventCountry "ARG"]
[SourceTitle "EXT 2000"]
[Source "ChessBase"]
[SourceDate "1999.11.16"]
[SourceVersion "1"]
[SourceVersionDate "1999.11.16"]
[SourceQuality "1"]
[WhiteTeam "England"]
[BlackTeam "US of America"]
[WhiteTeamCountry "ENG"]
[BlackTeamCountry "USA"]

{Inf.27/465} 1. e4 c5 2. Nf3 d6 3. d4 cxd4 4. Nxd4 Nf6 5. Nc3 a6 6. Be2 e5 7.
Nb3 Be7 8. a4 (8. O-O $142 Be6 9. f4 Qc7 10. a4) 8... O-O 9. O-O Nc6 10. f4 (
10. Be3 {- Inf.25/525}) 10... Nb4 11. Kh1 Bd7 12. Be3 Bc6 13. Bf3 b5 $15 14.
axb5 axb5 15. Qe2 Qc7 16. Rfc1 (16. Nxb5 Bxb5 (16... Qb7 $5) 17. Qxb5 Nxc2 18.
Rac1 Rfb8 19. Qd3 Nb4 $15) 16... d5 $1 17. Rxa8 Rxa8 18. exd5 Nbxd5 19. Bxd5
Nxd5 20. Nxd5 Bxd5 21. Qxb5 exf4 22. Qxd5 Rd8 23. Bxf4 (23. Qf3 fxe3 24. Qxe3
Bf6 $1 25. c3 Qb8 $15) 23... Qxf4 24. Qf3 (24. Qh5 Bf6) 24... Qe5 $44 25. Rf1
Bf6 26. Rb1 Qb5 27. h3 $2 (27. g3) 27... h5 $1 28. Qe3 h4 $17 29. Qf3 Qc4 30.
Qf2 (30. Rd1 Qxc2 31. Rxd8+ Bxd8 32. Qa8 Qd1+ $17) 30... Be5 $1 31. Rf1 Bb8 32.
Qf3 $138 (32. Kg1 Rd7 $17) 32... Qc7 33. Kg1 Qh2+ 34. Kf2 Re8 35. Qb7 Bf4 $2 (
35... Bg3+ 36. Kf3 Be1 $19) 36. c3 g6 (36... Bg3+ $19) 37. Nd4 Be3+ 38. Ke2
Bxd4+ 39. Kd3 Qg3+ 40. Kxd4 $2 (40. Rf3 $1 Re3+ 41. Kxd4 Qe5+ 42. Kc4 Qe6+ 43.
Kb4 Re4+ 44. Ka3 $13) 40... Qe3+ 41. Kc4 Qe2+ 0-1

[Event "Politiken Cup 21st"]
[Site "Copenhagen"]
[Date "1999.07.10"]
[Round "7"]
[White "Mortensen, Erling"]
[Black "De Firmian, Nick E"]
[Result "1/2-1/2"]
[WhiteElo "2445"]
[BlackElo "2598"]
[Annotator "Mortensen,E"]
[PlyCount "93"]
[EventDate "1999.07.04"]
[EventType "swiss"]
[EventRounds "11"]
[EventCountry "DEN"]
[SourceTitle "CBM 071 Extra"]
[Source "ChessBase"]
[SourceDate "1999.09.14"]
[SourceVersion "1"]
[SourceVersionDate "1999.09.14"]
[SourceQuality "1"]

1. e4 c5 2. Nf3 d6 3. d4 cxd4 4. Nxd4 Nf6 5. Nc3 a6 6. Be2 e5 7. Nb3 Be7 8. O-O
O-O 9. Kh1 b6 {Gelfand's idea} 10. Bg5 Nbd7 {I have not been able to find any
games with this continuation.} (10... Bb7 11. Bxf6 Bxf6 12. Bc4 Nc6 13. Bd5 Rc8
14. Nd2 (14. Qg4 Qc7 15. Rad1 $14 {Gutman}) 14... b5 15. a3 Qc7 16. Nf3 Rfd8
17. Qd2 b4 18. axb4 Nxb4 19. Bb3 Bc6 20. Rfd1 a5 21. Ne1 Ra8 22. Nd3 Qb6 23. f3
h6 24. Nxb4 axb4 25. Nd5 Bxd5 26. Qxd5 Ra7 27. Rxa7 Qxa7 28. Qc4 Rb8 29. g3 Kh7
30. Kg2 Qe3 31. Rxd6 Rc8 32. Qf1 Rd8 33. Rxd8 Bxd8 34. Bxf7 Qd2+ 35. Qf2 Qxf2+
36. Kxf2 Bb6+ 37. Ke2 Bd4 38. c3 bxc3 39. b3 g5 40. Kd3 Kg7 41. Be8 Kf6 42. b4
Bg1 43. h4 gxh4 44. gxh4 Bf2 45. h5 Ke7 46. Ba4 Bg3 47. Kxc3 {- Kasparov,
Gary-Gelfand,Boris/Linares14th (3) ;CBM 57 1997}) 11. Nd5 Nxd5 (11... Bb7 12.
Nxe7+ Qxe7 13. f3 $14 h6 14. Bh4 g5 $5 15. Bf2 d5 16. exd5 Nxd5 17. Re1 Nf4 18.
Bf1 Rad8 (18... Rfd8 $5) 19. Qd2) 12. Qxd5 Rb8 13. Bxe7 Qxe7 14. Rad1 Nf6 15.
Qxd6 Qxd6 16. Rxd6 Nxe4 {White is slightly better because of the weak black
pawns on the queenside. The pawn on b6 cannot move as it has to keep Nb3 out.}
17. Rd5 (17. Rc6 $5) 17... Re8 (17... f6 $5 18. f3 Ng5 {with the idea Nf7 and
Be6 is another defensive idea.}) 18. Kg1 Kf8 19. Rfd1 Bb7 20. Rd7 Nf6 (20...
Re7 21. f3 (21. Bf3 Nc5 22. Nxc5 Bxf3 23. gxf3 bxc5 24. b3 $14) 21... Nf6 22.
R7d6 Bc8 23. Nd2 $14) 21. R7d6 Be4 22. c3 Bc2 23. Rc1 (23. Re1 Red8 24. Rc6 (
24. Rxd8+ Rxd8 25. Bxa6 Ra8 $5) 24... a5 $11) 23... Bxb3 24. axb3 Red8 $1 {
Going for active counterplay.} (24... a5 25. Rcd1 Ke7 26. Bc4 Rec8 27. f3 Rc7
28. Bb5 $14) 25. Rxd8+ Rxd8 26. Bxa6 Rd2 27. Rb1 Ng4 28. f3 (28. Bc4 $5 e4 (
28... Nxf2 $2 29. Rf1) (28... f5 29. h3 Nxf2 30. Rf1 $16) (28... f6 29. Rf1
Rxb2 30. h3 Nh6 31. Ra1 $14) 29. h3 Nxf2 30. Rf1 e3 31. Re1 Rd1 $11) 28... Ne3
29. Re1 (29. Bf1 f5 $44) 29... Nxg2 30. Rxe5 Nf4 (30... Nh4 31. Bb7 Ng6 32. Rb5
$16) 31. Bf1 f6 32. Rb5 Nd5 {This leads by force to a drawn rook ending.} 33.
Bc4 Ne3 34. Rxb6 Rg2+ 35. Kh1 Rxb2 36. Rb8+ Ke7 37. Rb7+ Kf8 38. Rb8+ Ke7 39.
Rb7+ Kf8 40. Rf7+ Kg8 41. Re7+ Nxc4 42. bxc4 Kf8 43. Rc7 Rc2 44. h4 h5 45. c5
Rxc3 46. Kg2 g5 47. hxg5 1/2-1/2

[Event "EU-ch 6th"]
[Site "Warsaw"]
[Date "2005.06.29"]
[Round "11"]
[White "Timofeev, Artyom"]
[Black "Wojtaszek, Radoslaw"]
[Result "1-0"]
[WhiteElo "2622"]
[BlackElo "2569"]
[Annotator "Mueller,Karsten"]
[PlyCount "175"]
[EventDate "2005.06.18"]
[EventType "swiss"]
[EventRounds "13"]
[EventCountry "POL"]
[SourceTitle "CBM 108"]
[Source "ChessBase"]
[SourceDate "2005.09.26"]
[SourceVersion "1"]
[SourceVersionDate "2005.09.26"]
[SourceQuality "1"]

1. e4 c5 2. Nf3 d6 3. d4 cxd4 4. Nxd4 Nf6 5. Nc3 a6 6. Be2 e5 7. Nb3 Be7 8. O-O
O-O 9. Kh1 Qc7 10. g4 Be6 11. g5 Nfd7 12. Bg4 Re8 13. a4 Bf8 14. Be3 Nb6 15.
Nd2 N8d7 16. a5 Nc4 17. Nxc4 Qxc4 18. Ra4 Qc6 19. Rb4 b5 20. axb6 a5 21. Rb5
Rab8 22. Bxe6 fxe6 23. Rxa5 Nxb6 24. Ra6 Qc7 25. Nb5 Qb7 26. Rxb6 Qxe4+ 27. Kg1
Rxb6 28. Bxb6 Rb8 29. Nc3 Qc4 30. Be3 Rxb2 31. Ne2 Rxc2 32. Ng3 d5 33. Qb1 Bb4
34. Rc1 Rxc1+ 35. Qxc1 Qxc1+ 36. Bxc1 e4 37. h4 Kf7 38. Bf4 Bc3 39. Ne2 Bb2 40.
Kg2 Kg6 41. Ng3 Kf7 42. Bd2 Ba3 43. Be3 Bd6 44. Kh3 g6 45. Ne2 e5 46. Ng3 Ke6
47. Ba7 Bb4 48. Kg4 Be1 49. h5 Bc3 50. h6 Be1 51. Kh3 Bd2 52. Be3 Ba5 53. Bc1
Bb6 54. Kg2 Ba5 55. Kf1 Bb6 56. Ke2 Ba5 57. Bd2 Bb6 58. Ke1 Bc5 59. Be3 Bb4+
60. Kd1 Ba5 61. Kc2 Bb4 62. Kd1 Ba5 63. Ke2 Bb4 64. Bd2 Bc5 65. Bc1 Bb4 66. Nf1
Be7 67. Ng3 Bc5 68. Be3 Bb4 69. Bd2 Bc5 70. Bc1 Bb4 71. f3 exf3+ 72. Kxf3 Be1
73. Nf1 Bb4 74. Kg4 Be7 75. Bb2 d4 76. Nd2 Kd5 77. Nf3 Bc5 78. Nh4 d3 79. Bc1
e4 80. Kf4 Bd6+ 81. Ke3 Bg3 82. Ng2 Ke5 83. Bb2+ Kf5 84. Bf6 Bd6 85. Nh4+ Kg4
86. Nxg6 hxg6 $2 {[%mdl 8192]} (86... Bc5+ 87. Kd2 Bb4+ 88. Bc3 Bxc3+ 89. Kxc3
Kxg5 $11) 87. h7 Bf4+ 88. Kf2 (88. Kf2 Bg3+ 89. Kg2 d2 90. h8=Q d1=Q 91. Qh3+
Kf4 92. Qxg3+ Kf5 93. Qe5+ Kg4 94. Qxe4+ Kh5 95. Qf3+ $18) 1-0

[Event "Zalakaros op 35th"]
[Site "Zalakaros"]
[Date "2016.05.31"]
[Round "5"]
[White "Onischuk, Vladimir"]
[Black "Aryan, Chopra"]
[Result "1-0"]
[WhiteElo "2628"]
[BlackElo "2459"]
[Annotator "Narayanan,Srinath"]
[PlyCount "109"]
[EventDate "2016.05.27"]
[EventType "swiss"]
[EventRounds "9"]
[EventCountry "HUN"]
[SourceTitle "CBM 172 Extra"]
[Source "ChessBase"]
[SourceDate "2016.06.21"]
[SourceVersion "1"]
[SourceVersionDate "2016.06.21"]
[SourceQuality "1"]

1. e4 c5 2. Nf3 d6 3. d4 cxd4 4. Nxd4 Nf6 5. Nc3 a6 6. Be2 e5 7. Nb3 Be7 8. Bg5
Be6 9. Bxf6 Bxf6 10. Qd3 Nc6 11. O-O-O Qb6 12. Nd5 Bxd5 13. exd5 Nd4 14. Nxd4
Qxd4 15. Qxd4 exd4 {A fairly popular position. This also occured in
Kravtsiv-Nitin, first round of this tournament. The position is balanced. In
general, White tries to create something on the queenside with a4-a5-b4 and
Black's natural play is on the kingside.} 16. Bd3 h5 17. Rdf1 Kd7 18. f4 h4 19.
Kd2 Rae8 20. a4 Re3 21. a5 Re7 22. b4 Kc7 23. Kc1 Re3 24. Kd2 g5 25. Kd1 g4 26.
Kd2 g3 27. h3 {I think this was an important moment in the game where Black
had chances to secure complete equality.} Ree8 $2 (27... Bg7 {[%csl Gf4][%cal
Gg7h6]} 28. Rb1 Bh6 29. Rhf1 Rhe8 (29... Re5 30. Kd1 Re3 31. b5 axb5 32. Rxb5
Rhe8) 30. b5 axb5 31. Rxb5 R3e5 {And it's hard for either sides to make
progress. The position remains completely in balance.}) 28. Rb1 Rh5 (28... Bg7
29. b5 axb5 30. Rxb5 Bh6 31. Rhb1 {Chess is tragedy by one tempo.}) 29. Rhe1
Rxe1 30. Rxe1 Rh8 31. Rb1 Re8 32. Re1 Rg8 {From a cursory look, this position
just seems better for White as he can penetrate on the kingside with the king,
while he always has the 'second front' on the queen side with the typical b5
break - usual in such positions. Black has no counter play.} (32... Rxe1 33.
Kxe1 Be7 34. Ke2 Bf6 35. Kf3 {I am not entirely sure if White is completely
winning here, but only White can try here and it seems depressing for Black.})
33. Re4 Kd7 34. Ke2 Kd8 35. Kf3 Kc7 36. Re1 Kd7 37. Rb1 Kc7 38. Ke4 Re8+ 39.
Kf5 Bd8 40. Ra1 Re3 41. Kg4 Bf6 42. Kf5 Bd8 43. b5 axb5 44. Bxb5 Be7 45. Bd3
Kb8 46. Ra4 Bd8 47. a6 Ka7 48. axb7+ Kxb7 49. Rxd4 Bb6 50. Rb4 Ka7 51. Kf6 Re1
52. Kxf7 Rg1 53. Be4 Bc5 54. Rb3 Rf1 55. Bf3 1-0

[Event "Rostock-05 IM Group"]
[Site "Rostock"]
[Date "1979.08.22"]
[Round "7"]
[White "Neukirch, Detlef"]
[Black "Bernard, Ryszard"]
[Result "1/2-1/2"]
[WhiteElo "2370"]
[BlackElo "2340"]
[Annotator "Neukirch,D"]
[PlyCount "72"]
[EventDate "1979.08.18"]
[EventType "tourn"]
[EventRounds "9"]
[EventCountry "DDR"]
[SourceTitle "EXT 2002"]
[Source "ChessBase"]
[SourceDate "2001.11.25"]
[SourceVersion "1"]
[SourceVersionDate "2001.11.25"]
[SourceQuality "1"]

1. e4 c5 2. Nf3 d6 3. d4 cxd4 4. Nxd4 Nf6 5. Nc3 a6 6. Be2 e5 7. Nb3 Be7 8. O-O
O-O 9. a4 Be6 10. f4 Qc7 11. f5 Bc4 12. a5 Nbd7 13. Bxc4 Qxc4 14. Ra4 Qc6 15.
Qd3 Rac8 (15... Rfc8 16. Kh1 b5 $6 17. axb6 Nxb6 18. Rxa6 Rxa6 19. Qxa6 Bd8 20.
Qd3 Nc4 21. h3 $14 {Neukirch,D-Gruenberg,HU/Halle 1978}) 16. Kh1 Rfe8 17. Qf3
h6 18. Be3 Nh7 19. Nd2 Ndf6 20. Nc4 (20. g4 $5 Ng5 21. Qg2) 20... Bd8 21. Rd1
Bc7 22. Rb4 $6 Ng5 $1 23. Bxg5 hxg5 24. Nb6 Bxb6 25. Rxb6 Qc5 26. Rdxd6 Qxa5
27. Rxb7 Red8 (27... Rxc3 $5 28. bxc3 Nxe4 $13) 28. Rxd8+ Rxd8 29. h3 Qa1+ 30.
Kh2 Qc1 31. Nd5 Qxc2 (31... Nxd5 32. exd5 Qxc2 33. f6) 32. Nxf6+ gxf6 33. Qh5
Rf8 34. Rb6 Kg7 35. Rb7 Kg8 36. Rb6 Kg7 1/2-1/2